| 000 | 00439nam a22001577a 4500 | ||
|---|---|---|---|
| 005 | 20241105123009.0 | ||
| 008 | 241017b |||||||| |||| 00| 0 eng d | ||
| 020 | _a9781119837497 | ||
| 040 | _cLIRC | ||
| 082 |
_24th _a005.421 CLA |
||
| 100 |
_aClay, Bruce and Jones, Kristopher B. _95486 |
||
| 245 | _aSearch engine optimization all in one for dummies | ||
| 260 |
_aNew Jersey _bJohn Wiley _c2022 |
||
| 300 | _a743 p. | ||
| 942 |
_2ddc _cREF |
||
| 999 |
_c32391 _d32391 |
||